Music Higher Level and Standard Level : (Record no. 109542)
[ view plain ]
| 000 -LEADER | |
|---|---|
| fixed length control field | 00359nam a2200133 a 4500 |
| 005 - DATE AND TIME OF LATEST TRANSACTION | |
| control field | 20140414093845.0 |
| 008 - FIXED-LENGTH DATA ELEMENTS--GENERAL INFORMATION | |
| fixed length control field | 091105s19uu xx 00 eng d |
| 050 ## - LIBRARY OF CONGRESS CALL NUMBER | |
| Classification number | CD 780 |
| Item number | MUS 2004 |
| 245 ## - TITLE STATEMENT | |
| Title | Music Higher Level and Standard Level : |
| Remainder of title | Listening paper, May 2004. |
| 440 ## - SERIES STATEMENT/ADDED ENTRY--TITLE | |
| Title | IB Diploma Programme |
| 650 ## - SUBJECT ADDED ENTRY--TOPICAL TERM | |
| Topical term or geographic name as entry element | Music. |
| 942 ## - ADDED ENTRY ELEMENTS (KOHA) | |
| Koha item type | Audio Visual Materials |
| Withdrawn status | Lost status | Damaged status | Home library | Current library | Shelving location | Date acquired | Source of acquisition | Total Checkouts | Full call number | Barcode | Date last seen | Price effective from | Koha item type |
|---|---|---|---|---|---|---|---|---|---|---|---|---|---|
| Luxembourg Library | Luxembourg Library | Audio Visual Material Section | 11/05/2009 | CD 780 MUS 2004 | AV1192 | 04/14/2014 | 04/14/2014 | Audio Visual Materials |